000 00800pam a2200277 a 4500
001 724807
003 OSt
005 20161111140720.0
008 980121s1998 enka b 001 0 eng c
010 _a 98009508
020 _a0750634693
040 _aDNLM/DLC
_cDLC
_dDLC
050 1 0 _aQM451
_b.W696 1998
060 1 0 _aWL 101 W686n 1998
082 0 0 _aWL 101 W656n 1998
_221
100 1 _aWilkinson, John Leonard
_93162
245 1 0 _aNeuroanatomy for Medical Students
250 _a3rd ed.
260 _aOxford ;
_bButterworth-Heinemann,
_c1998.
300 _ax, 248 p. :
_bcol.ill:
_c25 cm.
504 _aIncludes bibliographical references and index.
650 0 _aNeuroanatomy.
_9417
650 0 _aAnatomy
_9124
906 _a7
_bcbc
_corignew
_d1
_eocip
_f19
_gy-gencatlg
942 _2z
_cSLOAN
999 _c1156
_d1156